1720 1286 1406 1360 1108 1078 1228 1902 1735 1238 1036 1192 1912 1187 1961 1995 1641 1633 1544 1656 1245 1248 1637 1011 1033 1987 1591 1760 1332 1872 1315 1975 1146 1004 1600 1341 1393 1319 1739 1401 1581 1843 1568 1675 1548 1193 1412 1821 1776 1247 1485 1220 1178 1908 1871 1688 1698 1625 1132 1165 1846 1544 1527 1816 1190 1678 1652 1554 1438 1747 1771 1761 1966 1734 1685 1778 1258 1788 1687 1088 1667 1553 1664 1149 1568 1410 1331 1808 1557 1393 1441 1773 1493 1485 1164 1057 1339 1151 1718 BCNSPRNW ULIB Ver.6.0+V

เปลี่ยนเป็นภาษาไทย

Change to English
 แสดงรายละเอียดบรรณานุกรม
  กลับหน้าหลัก

Brief Record : Get Marc (ISO 2709) : E-mail record : QR code < ปิดหน้าต่าง
LEADER : 00000nam 2200000uu 4500
001    13399127916
003     ULIB
008    211108s||||||||th 000 0 tha d
020    ^a9786165681100 (ล.6)
060 04 ^aWY152^bห321^cล.6
245 00 ^aหลักการพยาบาลผู้สูงอายุ เล่ม 6 หลักโภชนาการ การออกกำลังกาย และเภสัชวิทยาพื้นฐานสำหรับการดูแลผู้สูงอายุ /^cวิโรจน์ ไววานิชกิจ, บรรณาธิการ
246 31 ^aการพยาบาลผู้ป่วยระยะสุดท้าย
260    ^aกรุงเทพฯ :^bสำนักพิมพ์จุฬาลงกรณ์มหาวิทยาลัย,^c2563
300    ^a97 หน้า:^bภาพประกอบ ;^c22 ซม.
500    ^aบรรณานุกรม : วิโรจน์ ไววานิชกิจ (บรรณาธิการ). (2563). หลักการพยาบาลผู้สูงอายุ เล่ม 6 หลักโภชนาการ การออกกำลังกาย และเภสัชวิทยาพื้นฐานสำหรับการดูแลผู้สูงอายุ. กรุงเทพฯ : สำนักพิมพ์จุฬาลงกรณ์มหาวิทยาลัย.
504    ^aมีบรรณานุกรมและดรรชนี
505 2  ^a^tการเปลี่ยนแปลงทางสรีรวิทยาในผู้สูงอายุที่ส่งผลกระทบต่อภาวะโภชนาการ --^tโภชนาการผู้สูงอายุ --^tการรักษาโดยการรับประทานอาหารในผู้สูงอายุ --^tเภสัชวิทยาของยาในผู้สูงอายุ --^tสหวิชาชีพสำหรับการดูแลการรับประทานยาของผู้สูงอายุ --^tวัคซีนสำหรับผู้สูงอายุ --^tกิจกรรมทางกายและการออกกำลังกายในผู้สูงอายุ
650  4 ^aการพยาบาลเวชศาสตร์วัยชรา
650  4 ^aผู้สูงอายุ
650  7 ^aผู้สูงอายุ^xโรค
650  7 ^aโภชนาการ
700 0  ^aวิโรจน์ ไววานิชกิจ,^eบรรณาธิการ
945    ^p430^l0^i29080
945    ^p430^l0^i29081
945    ^p430^l0^i29082
999    ^aกัณชพร จุลอักษร
รายการนี้ยังไม่มีแท็ก
คุณยังไม่ได้ล็อกอิน คุณสามารถมีกิจกรรมร่วมกับเว็บไซต์ได้ แต่ต้องล็อกอินก่อน ::
  ล็อกอิน

รายการสื่อสารสนเทศ

ลำดับที่ ประเภท เลขเรียก/บาร์โค้ด สถานที่ สถานะ
1. หนังสือสำรอง
หนังสือสำรอง
WY152 ห321 ล.6 ฉ.1 
  Barcode: 29080
ห้องสมุดวิทยาเขตนครสวรรค์
►หนังสือทั่วไป:l:General Books
บนชั้น
2. วิทยาศาสตร์การแพทย์ และสุขภาพ
วิทยาศาสตร์การแพทย์ และสุขภาพ
WY152 ห321 ล.6 ฉ.2 
  Barcode: 29081
ห้องสมุดวิทยาเขตนครสวรรค์
►หนังสือทั่วไป:l:General Books
บนชั้น
3. วิทยาศาสตร์การแพทย์ และสุขภาพ
วิทยาศาสตร์การแพทย์ และสุขภาพ
WY152 ห321 ล.6 ฉ.3 
  Barcode: 29082
ห้องสมุดวิทยาเขตนครสวรรค์
►หนังสือทั่วไป:l:General Books
บนชั้น

รายการใกล้เคียง
    หัวเรื่อง [การพยาบาลเวชศาสตร์วัยชรา]
    หัวเรื่อง [ผู้สูงอายุ]
    หัวเรื่อง [โภชนาการ]

BibComment


ยังไม่เคยถูกคอมเมนท์

คอมเมนท์ทรัพยากรรายการนี้
  คอมเมนท์: หลักการพยาบาลผู้..


 Copyright 2026. Bcnsprnw @Library